Income tax act, 1961 : (Record no. 135829)

MARC details
000 -LEADER
fixed length control field 00678nam a22002177a 4500
005 - DATE AND TIME OF LATEST TRANSACTION
control field 20170124110250.0
010 ## - LIBRARY OF CONGRESS CONTROL NUMBER
LC control number 627603
020 ## - INTERNATIONAL STANDARD BOOK NUMBER
Terms of availability 15.00
035 ## - SYSTEM CONTROL NUMBER
System control number 627603
037 ## - SOURCE OF ACQUISITION
Source of stock number/acquisition Cen Lib/Ret
040 ## - CATALOGING SOURCE
Original cataloging agency DPL
Language of cataloging EN
082 ## - DEWEY DECIMAL CLASSIFICATION NUMBER
Classification number 336.24
Item number INC
110 ## - MAIN ENTRY--CORPORATE NAME
Corporate name or jurisdiction name as entry element Allahabad.Central Law Agency
9 (RLIN) 98657
245 ## - TITLE STATEMENT
Title Income tax act, 1961 :
Remainder of title act no.43 of 1961 /
260 ## - PUBLICATION, DISTRIBUTION, ETC. (IMPRINT)
Place of publication, distribution, etc Allahabad
Name of publisher, distributor, etc Central Law Agency
Date of publication, distribution, etc 1972
270 ## - ADDRESS
City Allahabad
Address 11, University Road
Postal code 2
300 ## - PHYSICAL DESCRIPTION
Extent various pagings
Dimensions 23cm(Hb)
650 ## - SUBJECT ADDED ENTRY--TOPICAL TERM
Topical term or geographic name as entry element Income tax -- Law and legislation -- India.
9 (RLIN) 14650
650 ## - SUBJECT ADDED ENTRY--TOPICAL TERM
Topical term or geographic name as entry element Income tax -- Law and legislation.
9 (RLIN) 110800
942 ## - ADDED ENTRY ELEMENTS (KOHA)
Source of classification or shelving scheme Dewey Decimal Classification
Koha item type English Books
Classification part 336.24
Call number suffix INC
Holdings
Withdrawn status Lost status Damaged status Not for loan Collection code Home library Current library Date acquired Source of acquisition Cost, normal purchase price Total Checkouts Full call number Barcode Date last seen Copy number Cost, replacement price Price effective from Koha item type
      Not For Loan Reference Central Library Central Library 08/10/2015 Cen Lib/Ret 15.00   336.24 INC 627603 08/10/2015 1 15.00 08/10/2015 English Books

© Delhi Public Library
Hit Counter
free hit counter